| 000 | 02350nam0a2200373 4500 | ||
|---|---|---|---|
| 001 | RU\NLR\BIBL_A\011561697 | ||
| 005 | 20260406164224.0 | ||
| 010 | _a978-5-353-08618-5 | ||
| 021 |
_aRU _b2017-92080 _96594 |
||
| 035 | _a(RuMoRGB)009470170 | ||
| 035 | _a(NLR Aleph) 011561697 | ||
| 090 |
_a12279897 _c12279897 |
||
| 100 | _a20171219d2018 |||y0rusy50 ca | ||
| 101 | 0 | _arus | |
| 102 | _aRU | ||
| 105 | _aa|||z|||000ay | ||
| 200 | 1 |
_aВинни-Пух и все-все-все _e[сказочные повести. Стихи _eдля среднего школьного возраста] _fАлан А. Милн _g[художник: Э.-Х. Шепард _gстихи перевели М. Бородицкая и др.] |
|
| 210 |
_aМосква _cРосмэн _d2018 [т.е. 2017] |
||
| 215 |
_a398, [1] с. _cил. _d22 |
||
| 225 | 1 | _aСерия "Все истории" | |
| 300 | _aВ вып. дан. авт.: Милн Алан Александр, Борис Заходер, С. Маршак [и др.] | ||
| 300 | _aКн. фактически изд. в 2017 г. | ||
| 327 | 1 | _aСодерж.: Винни-Пух; Дом на Пуховой опушке: сказки рассказал Борис Заходер.; Многое другое, т. е. приложения / сочинил Борис Заходер. В кн. также: Когда мы были ещё маленькие; А теперь нам шесть: стихи, которые Алан Милн сочинил для своего сына | |
| 686 |
_aШ9(2)72(4Вл) _2rubbk |
||
| 686 | 0 | _aШ9(4Вл)62-4 | |
| 700 | 1 |
_8rus _7ca _aМилн _bА. А. _f1882-1956 _gАлан Александер _3RU\NLR\AUTH\7710595 _9120363 |
|
| 702 | 1 |
_4040 _8rus _7ca _aШепард _bЭ. Х. _cхудожник _gЭрнест Хауард _f1879-1976 _3RU\NLR\AUTH\7766865 _949793 |
|
| 702 | 1 |
_4570 _8rus _7ca _aЗаходер _bБ. В. _f1918-2000 _gБорис Владимирович _3RU\NLR\AUTH\776188 _9116143 |
|
| 702 | 1 |
_4730 _8rus _7ca _aБородицкая _bМ. Я. _f1954- _gМарина Яковлевна _3RU\NLR\AUTH\774333 _9114314 |
|
| 942 | _cBOOK | ||
| 980 | _aNB | ||